00493nam a2200169 a 4500008004100000020001500041050001400056100004000070245006800110250001300178260005100191300002000242350000900262650001700271650002000288700001500308120416s1988 ||||||||||||||||| || u a0582446775 aS 591 Rus aRussell, Edward John, Sir 1872-196510aRussell's soil conditions and plant growthcedited by Alan Wild a11th ed. aNew YorkbLongman Scientific & Technicalc1988 aix, 991p. : ill a0.00 0aSOIL SCIENCE 0aCROPS AND SOILS aWild, Alan